The Caribbean in the pacific Century: prospects for Caribbean-Pacific cooperation (Record no. 591)

MARC details
000 -LEADER
fixed length control field 00486nam a2200169Ia 4500
008 - FIXED-LENGTH DATA ELEMENTS--GENERAL INFORMATION
fixed length control field 240428s9999||||xx |||||||||||||| ||und||
020 ## - INTERNATIONAL STANDARD BOOK NUMBER
International Standard Book Number 155587195X 
041 ## - LANGUAGE CODE
Language code of text/sound track or separate title eng
082 ## - DEWEY DECIMAL CLASSIFICATION NUMBER
Classification number 337.09B
100 ## - MAIN ENTRY--PERSONAL NAME
Personal name Braveboy-Wagner, A. Jacqueline
245 #4 - TITLE STATEMENT
Title The Caribbean in the pacific Century: prospects for Caribbean-Pacific cooperation
260 ## - PUBLICATION, DISTRIBUTION, ETC.
Name of publisher, distributor, etc. Lynne Rienner Publishers
Place of publication, distribution, etc. Colorado:
Date of publication, distribution, etc. 1993
300 ## - PHYSICAL DESCRIPTION
Extent x, 217p, tabs, illus
650 ## - SUBJECT ADDED ENTRY--TOPICAL TERM
Topical term or geographic name entry element The Caribbean
942 ## - ADDED ENTRY ELEMENTS (KOHA)
Koha item type Books
Holdings
Withdrawn status Lost status Damaged status Not for loan Home library Current library Shelving location Date acquired Total checkouts Full call number Date last seen Copy number Price effective from Koha item type
        Main Library Main Library Open Shelves 09/02/2022   337.09B 00439 C1 29/04/2024 1 29/04/2024 Books
©2026  Parliament of Ghana Library - All rights reserved